| 000 | 00846nmm a2200265 a 4500 | ||
|---|---|---|---|
| 001 | ocm000604902 | ||
| 003 | TR-IsHL | ||
| 005 | 20201028134028.0 | ||
| 008 | 131121s2009 tu tur | ||
| 007 | cr cn | ||
| 020 | _a9789757653967 | ||
| 035 |
_a604902 _b(N$T) |
||
| 050 | 0 | 4 |
_aPL248.S29 _bS2 2009 |
| 090 | 0 | 4 |
_aPL248.S29 _bS2 2009 |
| 100 | 1 | _aSayınbaş, Tekin | |
| 245 | 1 | 0 |
_aSaraçlar Caddesinde aşina yüzler _h[electronic resource] / _cTekin Sayınbaş |
| 260 |
_aEdirne : _bTürk Kütüphaneciler Derneği Edirne Şubesi, _c2009 |
||
| 300 | _a156 p. | ||
| 650 | 4 | _aSosyoloji | |
| 650 | 4 | _aSociology | |
| 650 | 0 | _aTürk şiiri | |
| 650 | 0 | _aTurkish poetry | |
| 650 | 7 |
_aLITERARY COLLECTIONS / Middle Eastern _2bisacsh |
|
| 856 | 4 | 0 | _uhttp://search.ebscohost.com/login.aspx?direct=true&scope=site&db=e011xww&AN=604902 |
| 999 |
_c5965 _d5965 |
||